000 00256nam a22001217a 4500
008 170912b xxu||||| |||| 00| 0 eng d
041 _aeng
080 _a53
100 _a43
101 _aFIZ
245 _aSIX EASY PIECES
_cFEYMAN.R
942 _2udc
_cBK
999 _c27291
_d27291